Cartoneros en Buenos Aires: nuevas modalidades de encuentro /
En este artículo, desde un trabajo etnográfico y el análisis de estadísticas y documentos, se investigan las transformaciones de los últimos años en Buenos Aires, de la actividad de recolección informal de residuos, aportando a resolver las siguientes preguntas ¿Cómo los cartoneros se apropian del e...
שמור ב:
| מחבר ראשי: | |
|---|---|
| מחברים אחרים: | |
| פורמט: | Texto |
| נושאים: | |
| תגים: |
הוספת תג
אין תגיות, היה/י הראשונ/ה לתייג את הרשומה!
|
MARC
| LEADER | 00000 a a2200000 04500 | ||
|---|---|---|---|
| 001 | 42668 | ||
| 003 | |||
| 040 | |||
| 100 | |a Perelman, Mariano Daniel | ||
| 245 | |a Cartoneros en Buenos Aires: |b nuevas modalidades de encuentro / |c Mariano Daniel Perelman ; Martín Boy | ||
| 500 | |a mdp1980@yahoo.com.ar |a mgboy_99@yahoo.com | ||
| 520 | |a En este artículo, desde un trabajo etnográfico y el análisis de estadísticas y documentos, se investigan las transformaciones de los últimos años en Buenos Aires, de la actividad de recolección informal de residuos, aportando a resolver las siguientes preguntas ¿Cómo los cartoneros se apropian del espacio urbano central de la ciudad? y ¿Cómo enfrentan a los estereotipos sociales que los estigmatizan? | ||
| 590 | |a SJB/AGOSTO2012 | ||
| 650 | |a RECICLAJE DE DESPERDICIOS | ||
| 650 | |a TRABAJADORES INDEPENDIENTES | ||
| 650 | |a ESTRATEGICAS DE SOBREVIVENCIA | ||
| 650 | |a ESTEREOTIPOS | ||
| 650 | |a EXCLUSION SOCIAL | ||
| 650 | |a DESEMPLEO | ||
| 650 | |a POBREZA | ||
| 650 | |a ARGENTINA | ||
| 700 | |a Boy, Martín | ||
| 773 | |g volumen72, número3 (2010), páginas 393-418 : mapas | ||
| 999 | |c 23820 |d 23820 | ||
